Las Economías latinoamericanas en el 2002: la profundización de la crisis /
Kaydedildi:
| Yazar: | |
|---|---|
| Materyal Türü: | Metin |
| Konular: | |
| Etiketler: |
Etiketle
Etiket eklenmemiş, İlk siz ekleyin!
|
MARC
| LEADER | 00000 a a2200000 04500 | ||
|---|---|---|---|
| 001 | 10991 | ||
| 003 | |||
| 040 | |||
| 100 | |a Estay R, Jaime | ||
| 245 | |a Las Economías latinoamericanas en el 2002: |b la profundización de la crisis / |c Jaime Estay R | ||
| 650 | |a ECONOMICA DE MERCADO | ||
| 650 | |a MERCADO INTERNACIONAL | ||
| 650 | |a RECESION ECONOMICA | ||
| 650 | |a DESEMPLEO | ||
| 650 | |a COMPORTAMIENTO ECONOMICO | ||
| 773 | |g volumen 3, número 9; páginas 33-36 | ||
| 999 | |c 21923 |d 21923 | ||
